| 000 | 03018nab a2200709 4500 | ||
|---|---|---|---|
| 003 | AR-RoUNA | ||
| 005 | 20260414062545.0 | ||
| 008 | 220812b |||||||| |||| 00| 0 spa d | ||
| 022 | _a1697493X | ||
| 040 |
_aAR-RoUNA _bspa |
||
| 041 |
_aspa _aeng |
||
| 044 | _aag | ||
| 245 |
_aAV Proyectos : _nNº129 _bEscala de color. Un recurso para cualquier tamaño |
||
| 260 |
_aMadrid, España : _bArquitectura Viva, _c2004 |
||
| 300 |
_a80 p. : _bfot. col. _bil. col. _bCortes _bplantas _c29x24 cm. |
||
| 505 | 0 | _tPIEZAS | |
| 505 | 0 | _aDepósito documental / Diller + Scofifio (Londres). p. 2 | |
| 505 | 0 | _aOrnamento comercial / Printemps Historia. (Nueva Yok). p. 4 | |
| 505 | O | _aTejidos domésticos/ Do Ho Suh en el Tate Modern. p. 6 | |
| 505 | o | _a¿Donde están las flores?/ Anseim Kiefer (Amsterdam). p. 8 | |
| 505 | o | _tPORTADA | |
| 505 | o | _aFernández - Galiano Luis/ Escalas de color. Celebración del color. p. 10 | |
| 505 | o | _aRamo Beatriz, Upmeyer Bernd / El Cabanon.(Roterdam). p. 14 | |
| 505 | o | _aCabaña de la artista/ Wiki Wold. El mundo Wiki. Arquitectura avanzada LAB. (China). p. 18 | |
| 505 | o | _aTest/ Casa prefabricada. (Barcelona. España). p. 22 | |
| 505 | o | _aCano Lasso Diego/ Casa La Canaria (Estados Unidos). p. 26 | |
| 505 | o | _aPadilla Nicás arquitectos/Jardín de la cubierta de la Maternidad de O Donell. (Madrid. España) p. 30 | |
| 505 | o | _aMVRDV/ La pirámide de Tirada. (Albania). p. 34 | |
| 505 | o | _tPERSONAJES | |
| 505 | o | _aEstudio Animal. Studio Animal/ No hay color. Enrique Morillo. p. 38 | |
| 505 | o | _tPROPUESTAS | |
| 505 | o | _aNuevas oportunidades en Barcelona. La expresión del tiempo. Bach Eugeni. p. 46 | |
| 505 | o | _aSmiljan Radic, Miquel Mariné, Betariz Borque, César Rueda. p. 50 | |
| 505 | o | _aForgas Arquitectos, Archambac, Alvaro Fernández. p. 52 | |
| 505 | o | _aBIG Bjarke Ingels Group, MIAS Arquitectos. p. 54 | |
| 505 | o | _aGarcés de Seta Bonet, MARVEL. p. 56 | |
| 505 | o | _tPROCESO | |
| 505 | o | _aBarozzi Veiga/ Museo Abby Korttrijk en Cortrique. p. 58 | |
| 505 | o | _tPAPELES | |
| 505 | o | _aMundos dibujados / Chris Ware Exhibición en el CCB. p.68 | |
| 505 | o | _tPRODUCTOS | |
| 505 | o | _aOvni Animal / Norman Foster et Danese Milano. p. 74 | |
| 505 | o | _aMaestro de temporada/ Tadao Ando et Cauny. p. 76 | |
| 505 | o | _tPANTALLAS | |
| 505 | o | _aWes Anderson/ La trama fenicia. p. 80 | |
| 505 | o | _aSmijan Radic, Miquel Mariné, Beatriz Borque, Cesar Rueda. p. 50 | |
| 600 | 0 |
_d1954- _97107 |
|
| 650 | _2Museos | ||
| 650 |
_aCentros Culturales _91558 |
||
| 650 |
_aCentros Comerciales _91750 |
||
| 650 |
_aDesarrollo Urbano _9245 |
||
| 650 |
_aEspacio Urbano _92147 |
||
| 650 |
_aPeriferia _9174 |
||
| 650 |
_aUrbanismo _95 |
||
| 650 |
_aArte urbano _92965 |
||
| 773 | 0 |
_aAV Proyectos _dMadrid, Arquitectura Viva 2004 _gnº 129 ( 2025 p. 80 _x1697493X |
|
| 856 | _uwww.arquitecturaviva.com | ||
| 908 | _aImp | ||
| 942 |
_2udc _cART |
||
| 945 |
_aMBP _d2017-09-04 |
||
| 980 |
_8 _gCRON CRON _61 _aMaricel Allasia |
||
| 999 |
_c12316 _d12316 |
||